Music Quiz

Random Music or Album Quiz

Elvis Presley Albums Quiz Stats

 Plays Quiz Updated Feb 24, 2017

     
Support Sporcle.
Go Orange.
Score 0/24 Timer 07:00
0 Plays Today
Year Album % Correct
1956Elvis
96.6%
1973Elvis
96.6%
1956Elvis Presley
75.4%
1977Moody Blue
53.2%
1960Elvis is Back!
47.8%
1967How Great Thou Art
38.9%
1957Elvis' Christmas Album
38.8%
1962Pot Luck
36.7%
1971Elvis Country (I'm 10,000 Years Old)
35.7%
1969From Elvis in Memphis
35.5%
1960His Hand In Mine
34.7%
1975Promised Land
34.2%
Year Album % Correct
1975Today
33.3%
1961Something for Everybody
32.4%
1972Elvis Now
31.9%
1972He Touched Me
31.8%
1971Love Letters from Elvis
30.7%
1976From Elvis Presley Boulevard, Memphis, Tennessee
29.8%
1973Raised on Rock/For Ol' Times Sake
29.1%
1959A Date With Elvis
29%
1974Good Times
27.8%
1959For LP Fans Only
25.8%
1969From Memphis to Vegas/From Vegas to Memphis
25%
1971Elvis Sings the Wonderful World of Christmas
24.5%

From the Vault

Pixar Spelling Bee

by Pilgab

Movies 45s
Is this the face you make when you have to spell that character's name?
Remove Ads.
Support Sporcle.
Get the best of Sporcle when you Go Orange. This ad-free experience offers more features, more stats, and more fun while also helping to support Sporcle. Thank you for becoming a member.

Show Comments

Extras

Top Quizzes Today


Score Distribution

Your Account Isn't Verified!

In order to create a playlist on Sporcle, you need to verify the email address you used during registration. Go to your Sporcle Settings to finish the process.

Report this User

Report this user for behavior that violates our Community Guidelines.

Details: